Anuario estadístico 2000.
Guardat en:
| Autor corporatiu: | |
|---|---|
| Format: | Llibre |
| Publicat: |
Santiago, Chile:
Secretaría General del H. Consejo de Rectores,
2000.
|
| Matèries: | |
| Etiquetes: |
Afegir etiqueta
Sense etiquetes, Sigues el primer a etiquetar aquest registre!
|
MARC
| LEADER | 00000nam a2200000 a 4500 | ||
|---|---|---|---|
| 001 | UCM8657 | ||
| 003 | CL-VaPUC | ||
| 005 | 20230410155102.0 | ||
| 008 | 230331t200 ||||| |||| 00| 0 eng d | ||
| 999 | |c 440405 |d 440403 | ||
| 022 | |a 0716-0585 | ||
| 040 | |c Pontificia Universidad Católica de Valparaíso | ||
| 082 | 0 | 4 | |a 378.83 CON 2000 |2 21 |
| 110 | 2 | |a Consejo de Rectores Universidades Chilenas |e autor |9 474781 | |
| 245 | 1 | 0 | |a Anuario estadístico 2000. |
| 260 | |a Santiago, Chile: |b Secretaría General del H. Consejo de Rectores, |c 2000. | ||
| 300 | |a 407 páginas. | ||
| 583 | |k Catalogador Asistente |c 20230410 | ||
| 650 | 0 | |a Anuarios |9 258977 | |
| 650 | 0 | |a Educación superior |9 223851 | |
| 650 | 0 | |a Universidades |9 256317 | |
| 650 | 0 | |a Datos estadísticos |9 329380 | |
| 650 | 0 | |a Estadísticas educacionales |9 331921 | |
| 651 | 0 | |a Chile |2 CL-VaPUC |9 254862 | |
| 942 | |c BK |2 ddc | ||
| 952 | |0 0 |1 0 |2 ddc |4 0 |6 378_830000000000000_CON_2000 |7 0 |8 ED_SUP |9 589367 |a BIBGIM |b BIBGIM |c S_PSTGRDO |d 2023-03-31 |e Donación |i 5656912 |o 378.83 CON 2000 |p 5656912 |r 2025-01-15 |t 1 |w 2023-03-31 |y BK |k ESU | ||